Pop Divas - Statistics

General Stats
  • This quiz has been taken 71 times
  • The average score is 25 of 30
Answer Stats
Song Hint Answer % Correct
Single Ladies (Put a Ring on It) Former Destiny’s Child member and pop icon married to Jay-Z. Beyoncé
100%
Rolling in the Deep British powerhouse known for soulful ballads and record-breaking album releases. Adele
98%
All I Want for Christmas Is You Pop diva nicknamed “Mimi,” famous for hitting some of the highest notes in mainstream music. Mariah Carey
98%
Hips Don’t Lie Colombian pop and Latin superstar known for hip-shaking dance moves and genre-crossing hits. Shakira
98%
Shake It Off Artist who shifted from Nashville country star to global pop icon, adored by millions of loyal “Swifties.” Taylor Swift
98%
Thank U, Next Former Nickelodeon star known for her signature high ponytail and chart-topping pop hits like “7 Rings.” Ariana Grande
97%
Firework Pop star known for colorful, over-the-top music videos and her breakthrough 2008 hit, “I Kissed a Girl.” Katy Perry
97%
Poker Face Pop artist famous for avant-garde fashion, theatrical performances, and boundary-pushing visuals. Lady Gaga
97%
Umbrella Barbadian singer and pop icon known for chart-topping hits such as “We Found Love” and “Diamonds.” Rihanna
97%
…Baby One More Time Teen idol with iconic schoolgirl image who later cemented her superstar status with 2003's “Toxic.” Britney Spears
95%
Wrecking Ball Former Disney star who shocked fans in the 2010s with a highly publicized twerking performance. Miley Cyrus
95%
Like a Virgin Queen of ’80s pop known for risqué performances and constant reinvention throughout the decades. Madonna
92%
My Heart Will Go On Canadian diva whose voice defined the 1997 film Titanic. Celine Dion
91%
Bad Guy Gen Z pop sensation known for whispery vocals, dark visuals, and minimalist style. Billie Eilish
89%
I Will Always Love You Pop diva who starred opposite Kevin Costner in the film The Bodyguard, featuring this signature ballad. Whitney Houston
89%
Chandelier Mysterious Aussie artist who conceals her face behind wigs; known for her music video collaborations with young dancer Maddie Ziegler. Sia
88%
Royals NZ teen sensation whose stark, moody pop debut "Pure Heroin" made her a global star. Lorde
85%
Believe Music and fashion icon who reinvented herself across six decades, also popularizing auto-tune on this huge 90s hit. Cher
80%
Genie in a Bottle Pop powerhouse who shocked fans with her bold “bad girl” reinvention on 2002 album Stripped. Christina Aguilera
80%
Girls Just Want To Have Fun Flamboyant ’80s pop star with a quirky voice, also known for the ballad “Time After Time.” Cyndi Lauper
80%
Rhythm Nation The sister of the King of Pop, famous for her iconic choreography and influential pop-R&B songs. Janet Jackson
77%
Come & Get It Former Disney star who went from acting on Wizards of Waverly Place to chart-topping pop. Selena Gomez
75%
New Rules UK singer famous for disco-tinged hits and her aloof, confident pop persona. Dua Lipa
74%
Jenny from the Block Singer and actress known for Latin-infused pop hits and high-profile relationships with Ben Affleck and Marc Anthony. Jennifer Lopez
72%
You’re the One That I Want Australian singer and actress who starred in the film Grease alongside John Travolta. Olivia Newton-John
63%
Man! I Feel Like a Woman! Canadian pop-country superstar known for catchy anthems, including “That Don’t Impress Me Much.” Shania Twain
62%
What’s Love Got to Do With It The “Queen of Rock & Roll,” legendary singer with powerhouse, raspy vocals and iconic wild hair. Tina Turner
60%
Can't Get You Out of My Head Australian pop star who went from daytime TV fame on "Neighbours" to global dance-pop icon. Kylie Minogue
54%
Ain’t No Mountain High Enough Motown legend who first rose to fame as lead singer of The Supremes. Diana Ross
48%
The Way We Were Singer and actress whose long career ranges from classic musicals to a memorable role in “Meet the Fockers.” Barbra Streisand
40%
No matching quizzes found
Score Distribution
Percent of People with Each Score
Percentile by Number Answered
Your Score History
You have not taken this quiz